000 01262nam a22003617a 4500
003 CHAP
005 20220329141518.0
008 971013s1989 r 00010 d
010 _a69348
011 _a70320
035 _a79801
040 _cCHAP
090 _aTesis
100 0 0 _aMartínez Velázquez, Guillermo.
_972609
245 _aEfectos genéticos, aditivos individuales de razas bovinas para características de crecimiento en el trópico
260 _aChapingo, Méx. :
_bEl autor,
_c1989
300 _a70 h.
500 _a34-2
502 _aTesis (Maestro en Ciencias esp. en Producción Animal) -- UACH. Departamento de Zootecnia
590 _aALEPH
_b10
_c20130110
_lUCH01
_h1407
590 _aBATCH-UPD
_b10
_c20130110
_lUCH01
_h0555
590 _aBATCH-UPD
_b10
_c20130110
_lUCH01
_h2243
590 _aBATCH-UPD
_b10
_c20130410
_lUCH01
_h0237
590 _aBATCH-UPD
_b10
_c20130914
_lUCH01
_h1523
590 _aCONVERSION
_b10
_c20130109
_lUCH01
_h1338
650 1 4 _aGanado vacuno
_xCrecimiento.
_945450
650 1 4 _aGanado vacuno
_xGenética.
_945470
650 1 4 _aGanado vacuno
_xTrópicos.
_945522
710 0 _aUACH. Departamento de Zootecnia.
_9115904
901 _aBK
942 _cTESIS
949 _bBC
_cTES
_d-32691
_eTS1
_h22404
_i79801
_si
999 _c69348
_d69348